| 000 | 00817cam a22002653a 4500 | ||
|---|---|---|---|
| 001 | 588 | ||
| 003 | PGUSA | ||
| 005 | 20140828082950.0 | ||
| 008 | 960701s1996||||xxu|||||s|||||000 1 eng d | ||
| 040 |
_aPGUSA _beng |
||
| 042 | _adc | ||
| 050 | 4 | _aPR | |
| 100 | 1 |
_aDickens, Charles, _d1812-1870 |
|
| 245 | 1 | 0 |
_aMaster Humphrey's Clock _h[electronic resource] / _cCharles Dickens |
| 260 |
_bProject Gutenberg, _c1996 |
||
| 506 | _aPublic domain in the USA. | ||
| 516 | _aElectronic text | ||
| 653 | _aGordon Riots, 1780 -- Fiction | ||
| 653 | _aHistorical fiction | ||
| 653 | _aGreat Britain -- History -- 18th century -- Fiction | ||
| 653 | _aEngland -- Social life and customs -- 19th century -- Fiction | ||
| 830 | 0 |
_aProject Gutenberg _v588 |
|
| 856 | 4 | 0 | _uhttp://www.gutenberg.org/ebooks/588 |
| 942 | _cEB | ||
| 999 |
_c229939 _d229939 |
||